Jedálenské zostavy pre verejné priestory v podaní študentov

Bibliographic Details
Format: Article
Language:Slovak
PhysicalDescription:Fotogr.
ISSN:1335-1230
Subjects:

MARC

LEADER 00000nab a2200000 a 4500
001 vtls010083695
003 SK-MaSNL
005 20260426063152.0
008 140328c2010 xo zr|p|||||||000 b|slo
015 |a SNBRB2010/04  |2 snkbucl 
038 |a SNKBUCL 
040 |a SNKBUCL  |b slo  |c SNKBUCL  |e AACR2 
041 0 |a slo  |b eng 
044 |a xo  |c SK 
080 |a 645.41/.43:7.05:061.4  |2 2001 
080 |a 72.012.1:645.41/.43:061.4  |2 2001 
245 0 0 |a Jedálenské zostavy pre verejné priestory v podaní študentov  |c [autor] (as) 
300 |b Fotogr. 
546 |a Res. angl. 
610 2 7 |a Slovenská technická univerzita v Bratislave.  |b Fakulta architektúry  |2 snkbucl  |9 124533 
611 2 7 |a Škola verzus firma  |g výstava  |d (2010 :  |c Bratislava, Slovensko)  |2 snkbucl  |9 1285149 
650 0 7 |a verejné stravovanie  |x mobiliár  |2 snkbucl  |9 1285150 
650 0 7 |a nábytok  |2 snkbucl  |9 3744 
650 0 7 |a architektonické projekty  |2 snkbucl  |9 2951 
650 0 7 |a výstavy  |2 snkbucl  |9 2780 
651 7 |a Bratislava (Slovensko)  |2 snkbucl  |9 14568 
773 0 |t ASB  |g Roč. XVII, č. 3 (2010), s. 14-16  |x 1335-1230 
852 |a SNK  |b KIS3GCP 
958 |a SK 
999 |c 2553339  |d 2555269